[Event "Titled Tuesday intern op 04th Feb Late"]
[Site "Chess.com INT"]
[Date "2025.02.04"]
[Round "5"]
[White "Bellahcene, Bilel"]
[Black "Shankland, Samuel L"]
[Result "0-1"]
[WhiteElo "2502"]
[BlackElo "2670"]
[PlyCount "46"]
[EventDate "2025.02.04"]
[EventType "swiss (blitz)"]
[EventRounds "11"]
[EventCountry "USA"]
[SourceTitle "CB07_2025"]
[SourceDate "2025.02.12"]
[SourceVersion "1"]
[SourceVersionDate "2025.02.12"]
[SourceQuality "1"]

1. e4 c5 2. Nf3 d6 3. Nc3 Nc6 4. d4 cxd4 5. Nxd4 Nf6 6. Qd3 e6 7. Bg5 Be7 8. 0-0-0 0-0 9. Kb1 Bd7 10. f4 Qb6 11. Nb3 Rfd8 12. h4 Rac8 13. Be2 h6 14. g4 a5 15. a3 Be8 16. Rdg1 d5 17. e5 Ne4 18. Nxe4 dxe4 19. Qxe4 a4 20. Bd3 g6 21. h5 axb3 22. hxg6 fxg6 23. Rxh6 Qxg1+ 0-1

[Event "Titled Tuesday intern op 04th Feb Late"]
[Site "Chess.com INT"]
[Date "2025.02.04"]
[Round "3"]
[White "Cumpe, Lucas"]
[Black "Shankland, Samuel L"]
[Result "0-1"]
[WhiteElo "2294"]
[BlackElo "2670"]
[PlyCount "156"]
[EventDate "2025.02.04"]
[EventType "swiss (blitz)"]
[EventRounds "11"]
[EventCountry "USA"]
[SourceTitle "CB07_2025"]
[SourceDate "2025.02.12"]
[SourceVersion "1"]
[SourceVersionDate "2025.02.12"]
[SourceQuality "1"]

1. e4 c5 2. Nf3 d6 3. d4 cxd4 4. Nxd4 Nf6 5. f3 Nc6 6. c4 e6 7. Nc3 Be7 8. Be3 0-0 9. Be2 Bd7 10. 0-0 a6 11. Qd2 Qb8 12. Rfd1 Rc8 13. Nxc6 Bxc6 14. Bf4 b5 15. cxb5 axb5 16. Bxd6 Bxd6 17. Qxd6 b4 18. Qxb8 Raxb8 19. Nb1 Ba4 20. b3 Bb5 21. Bxb5 Rxb5 22. Nd2 g5 23. Nc4 Rc7 24. Rd2 h5 25. Rad1 Kg7 26. Nd6 Ra5 27. g3 Rca7 28. Ra1 Nd7 29. Nc4 R5a6 30. f4 Nc5 31. Rb2 Nxe4 32. fxg5 Nxg5 33. a4 bxa3 34. Rba2 Nf3+ 35. Kg2 Nd4 36. Rxa3 Rxa3 37. Rxa3 Rxa3 38. Nxa3 Nxb3 39. Nc4 Nd4 40. Kf2 f5 41. Ke3 Nc6 42. h3 Kf6 43. Nd6 e5 44. Ne8+ Kg6 45. Nd6 Nd4 46. Nc4 Kf6 47. Kd3 Nf3 48. Ke3 Ng5 49. h4 Ne4 50. Kf3 Ke6 51. Ne3 Nf6 52. Ng2 Nd5 53. Ne1 e4+ 54. Ke2 Ke5 55. Nc2 f4 56. gxf4+ Nxf4+ 57. Kf2 Ng6 58. Kg3 Ne7 59. Ne1 Nf5+ 60. Kh3 Kf4 61. Nc2 e3 62. Nb4 e2 63. Kg2 Ke3 64. Nc2+ Kd2 65. Kf2 Kxc2 66. Kxe2 Nxh4 67. Ke3 Ng6 68. Kf3 Kd3 69. Kg2 Ke3 70. Kh3 Kf4 71. Kh2 Kg4 72. Kh1 h4 73. Kg1 h3 74. Kh1 Kg3 75. Kg1 Ne5 76. Kh1 Ng4 77. Kg1 h2+ 78. Kh1 Nf2# 0-1

[Event "Titled Tuesday intern op 04th Feb Late"]
[Site "Chess.com INT"]
[Date "2025.02.04"]
[Round "7"]
[White "Krysa, Leandro Sergio"]
[Black "Shankland, Samuel L"]
[Result "0-1"]
[WhiteElo "2488"]
[BlackElo "2670"]
[PlyCount "76"]
[EventDate "2025.02.04"]
[EventType "swiss (blitz)"]
[EventRounds "11"]
[EventCountry "USA"]
[SourceTitle "CB07_2025"]
[SourceDate "2025.02.12"]
[SourceVersion "1"]
[SourceVersionDate "2025.02.12"]
[SourceQuality "1"]

1. e4 c5 2. Nf3 d6 3. d4 cxd4 4. Nxd4 Nf6 5. Nc3 Nc6 6. Bc4 Qb6 7. Nb3 e6 8. Bf4 Ne5 9. Be2 Be7 10. g4 a6 11. g5 Nfd7 12. Qd2 Qc7 13. 0-0-0 b5 14. a3 Rb8 15. Kb1 0-0 16. h4 Nb6 17. h5 Nbc4 18. Qe1 a5 19. Bc1 b4 20. axb4 axb4 21. Na4 Qa7 22. f4 Qxa4 23. fxe5 Ra8 24. c3 Qxb3 25. Bxc4 Qxc4 26. exd6 b3 27. Bf4 Qa6 28. Kc1 Qa1+ 29. Kd2 Qxb2+ 30. Ke3 Bd8 31. Rh2 Qa3 32. d7 Bb7 33. Bd6 Qa4 34. Bxf8 Qxe4+ 35. Kf2 Qf3+ 36. Kg1 Bb6+ 37. Rd4 Kxf8 38. Qe5 Ra1+ 0-1

[Event "Titled Tuesday intern op 04th Feb Late"]
[Site "Chess.com INT"]
[Date "2025.02.04"]
[Round "11"]
[White "Martinez Ramirez, Lennis"]
[Black "Shankland, Samuel L"]
[Result "0-1"]
[WhiteElo "2427"]
[BlackElo "2670"]
[PlyCount "122"]
[EventDate "2025.02.04"]
[EventType "swiss (blitz)"]
[EventRounds "11"]
[EventCountry "USA"]
[SourceTitle "CB07_2025"]
[SourceDate "2025.02.12"]
[SourceVersion "1"]
[SourceVersionDate "2025.02.12"]
[SourceQuality "1"]

1. Nf3 Nf6 2. d4 d5 3. c4 e6 4. e3 b6 5. Nc3 Bb7 6. cxd5 exd5 7. g3 g6 8. Bg2 Bg7 9. 0-0 0-0 10. b3 Nbd7 11. Ba3 Re8 12. Rc1 a6 13. Qc2 Rc8 14. Rfd1 c5 15. dxc5 bxc5 16. Qb1 Qa5 17. Na4 Bc6 18. Bb2 Bxa4 19. bxa4 Qxa4 20. Qa1 Rb8 21. Ne1 Red8 22. Nd3 d4 23. exd4 c4 24. Nc5 Qb5 25. Bc3 Nb6 26. a4 Qe8 27. Nxa6 Rbc8 28. Nc5 Nfd5 29. Re1 Qc6 30. Bd2 Nd7 31. Nxd7 Qxd7 32. Be3 Nb4 33. a5 Nd3 34. a6 Nxe1 35. Rxe1 Qa7 36. d5 Qxe3 37. fxe3 Bxa1 38. Rxa1 c3 39. Kf2 c2 40. Rc1 Rd6 41. e4 Rxa6 42. Ke3 Rb6 43. Kd2 Rb2 44. Bf1 Rb1 45. Bd3 Rxc1 46. Kxc1 Kg7 47. Bxc2 Kf6 48. Kd2 Ke5 49. Bd3 Ra8 50. Ke3 Ra2 51. h4 h6 52. Bc4 Ra3+ 53. Bd3 Rb3 54. g4 g5 55. h5 Ra3 56. Kd2 Kd4 57. Bc2 Rg3 58. d6 Rg2+ 59. Kc1 Kc3 60. Ba4 Ra2 61. Bc2 Rxc2+ 0-1

[Event "Titled Tuesday intern op 04th Feb Late"]
[Site "Chess.com INT"]
[Date "2025.02.04"]
[Round "1"]
[White "Moral Garcia, Serafin"]
[Black "Shankland, Samuel L"]
[Result "0-1"]
[WhiteElo "2325"]
[BlackElo "2670"]
[PlyCount "86"]
[EventDate "2025.02.04"]
[EventType "swiss (blitz)"]
[EventRounds "11"]
[EventCountry "USA"]
[SourceTitle "CB07_2025"]
[SourceDate "2025.02.12"]
[SourceVersion "1"]
[SourceVersionDate "2025.02.12"]
[SourceQuality "1"]

1. c4 e6 2. g3 d5 3. Bg2 Nf6 4. Nf3 Be7 5. 0-0 0-0 6. b3 d4 7. e3 c5 8. exd4 cxd4 9. d3 Nc6 10. Re1 Nd7 11. Na3 e5 12. Nc2 a5 13. a3 f6 14. Rb1 Nc5 15. b4 axb4 16. axb4 Na4 17. Bd2 Bf5 18. b5 Nb8 19. Nfxd4 exd4 20. Bxb7 Ra7 21. Bd5+ Kh8 22. Nxd4 Bd7 23. Ra1 Bc5 24. Nf3 Bxb5 25. Nh4 Be8 26. Qg4 Nb2 27. Rxa7 Bxa7 28. Nf5 Bg6 29. Re7 Bc5 30. Rb7 Nxd3 31. Nh4 Ne5 32. Nxg6+ Nxg6 33. Qh5 Nd7 34. h4 Nde5 35. Bf4 Nxf4 36. gxf4 Ng6 37. f5 Ne7 38. Be6 Qd2 39. Qf3 Qe1+ 40. Kg2 Rd8 41. Qg3 h5 42. Rc7 Bxf2 43. Rxe7 Bxg3 0-1

[Event "Titled Tuesday intern op 04th Feb Late"]
[Site "Chess.com INT"]
[Date "2025.02.04"]
[Round "4"]
[White "Shankland, Samuel L"]
[Black "Burmakin, Vladimir"]
[Result "1/2-1/2"]
[WhiteElo "2670"]
[BlackElo "2435"]
[PlyCount "112"]
[EventDate "2025.02.04"]
[EventType "swiss (blitz)"]
[EventRounds "11"]
[EventCountry "USA"]
[SourceTitle "CB07_2025"]
[SourceDate "2025.02.12"]
[SourceVersion "1"]
[SourceVersionDate "2025.02.12"]
[SourceQuality "1"]

1. e4 c6 2. d4 d5 3. e5 Bf5 4. Nf3 e6 5. Be2 Ne7 6. 0-0 h6 7. Nbd2 Bh7 8. a4 Ng6 9. Bd3 Be7 10. a5 0-0 11. Re1 c5 12. dxc5 Bxc5 13. Nb3 Be7 14. Be3 a6 15. c3 Nc6 16. Bb6 Qb8 17. Qb1 Rc8 18. Ra4 Bd8 19. h4 Bxb6 20. axb6 Nce7 21. h5 Nf8 22. Bxh7+ Nxh7 23. Nbd4 Re8 24. Nh2 Qd8 25. Ng4 Qxb6 26. Re3 Kh8 27. Rf3 Rf8 28. Qc1 Qc7 29. Qf4 Ng5 30. Rg3 f5 31. Nxh6 gxh6 32. Nxe6 Qc6 33. Nxg5 hxg5 34. Rxg5 Qe6 35. Rg6 Nxg6 36. Qh6+ Kg8 37. hxg6 Qe7 38. Rh4 Qg7 39. Qg5 Rae8 40. f4 Re6 41. Rh6 Rc8 42. Kh2 Rf8 43. Kh3 b5 44. g3 a5 45. g4 fxg4+ 46. Kxg4 Rc6 47. Qh5 Rc4 48. Rh7 Rcxf4+ 49. Kg3 Rf3+ 50. Kg2 Rf2+ 51. Kg1 Rf1+ 52. Kg2 R8f2+ 53. Kg3 Rf3+ 54. Kg2 R3f2+ 55. Kg3 Rf3+ 56. Kg2 R3f2+ 1/2-1/2

[Event "Titled Tuesday intern op 04th Feb Late"]
[Site "Chess.com INT"]
[Date "2025.02.04"]
[Round "6"]
[White "Shankland, Samuel L"]
[Black "Oparin, Grigoriy"]
[Result "0-1"]
[WhiteElo "2670"]
[BlackElo "2660"]
[PlyCount "96"]
[EventDate "2025.02.04"]
[EventType "swiss (blitz)"]
[EventRounds "11"]
[EventCountry "USA"]
[SourceTitle "CB07_2025"]
[SourceDate "2025.02.12"]
[SourceVersion "1"]
[SourceVersionDate "2025.02.12"]
[SourceQuality "1"]

1. c4 e6 2. g3 d5 3. Bg2 Nf6 4. Nf3 d4 5. d3 Bb4+ 6. Bd2 a5 7. 0-0 0-0 8. Na3 Nc6 9. Nc2 Bc5 10. b3 Qe7 11. a3 Rd8 12. b4 axb4 13. axb4 Rxa1 14. Qxa1 Nxb4 15. Nxb4 Bxb4 16. Bxb4 Qxb4 17. Nxd4 e5 18. Nb5 c6 19. Nc3 h5 20. Rb1 Qe7 21. Qa5 h4 22. Ne4 h3 23. Bf3 Nxe4 24. Bxe4 g6 25. Ra1 Kg7 26. Qc3 f5 27. Bf3 Qf6 28. e3 Be6 29. Be2 f4 30. gxf4 exf4 31. Qxf6+ Kxf6 32. d4 g5 33. Ra7 Rb8 34. e4 g4 35. e5+ Kg5 36. Ra1 Rd8 37. Rd1 f3 38. Bf1 Kf4 39. Rd2 Bf7 40. Rd1 c5 41. d5 Kxe5 42. Rb1 Rd7 43. Rb6 Re7 44. Rh6 b5 45. cxb5 Bxd5 46. b6 c4 47. Rg6 c3 48. Bd3 Kd4 0-1

[Event "Titled Tuesday intern op 04th Feb Late"]
[Site "Chess.com INT"]
[Date "2025.02.04"]
[Round "8"]
[White "Shankland, Samuel L"]
[Black "Pakleza, Zbigniew"]
[Result "1-0"]
[WhiteElo "2670"]
[BlackElo "2485"]
[PlyCount "79"]
[EventDate "2025.02.04"]
[EventType "swiss (blitz)"]
[EventRounds "11"]
[EventCountry "USA"]
[SourceTitle "CB07_2025"]
[SourceDate "2025.02.12"]
[SourceVersion "1"]
[SourceVersionDate "2025.02.12"]
[SourceQuality "1"]

1. e4 d5 2. exd5 Nf6 3. Bb5+ Bd7 4. Bc4 b5 5. Bb3 a5 6. a4 bxa4 7. Bxa4 Bxa4 8. Rxa4 Nxd5 9. Nf3 e6 10. 0-0 Be7 11. d3 0-0 12. Bd2 c6 13. Na3 Nd7 14. Nc4 N7b6 15. Rxa5 Qc7 16. Qe2 Rxa5 17. Bxa5 Ra8 18. Nfe5 Bf6 19. Bxb6 Nxb6 20. Nxb6 Qxb6 21. Nc4 Qb5 22. c3 Ra2 23. Qe4 h6 24. g3 Qd5 25. Rd1 Qc5 26. Rd2 Ra1+ 27. Kg2 Qd5 28. Ne3 Qa2 29. Qxc6 Re1 30. Qe8+ Kh7 31. Qxf7 Bxc3 32. Rd1 Qxb2 33. Qxe6 Re2 34. Qf5+ Kh8 35. Ng4 Bd4 36. h4 Qb7+ 37. Qf3 Qb2 38. h5 Qc2 39. Rf1 Bc5 40. Ra1 1-0

[Event "Titled Tuesday intern op 04th Feb Late"]
[Site "Chess.com INT"]
[Date "2025.02.04"]
[Round "2"]
[White "Shankland, Samuel L"]
[Black "Pham, Tran Gia Phuc"]
[Result "1-0"]
[WhiteElo "2670"]
[BlackElo "2433"]
[PlyCount "63"]
[EventDate "2025.02.04"]
[EventType "swiss (blitz)"]
[EventRounds "11"]
[EventCountry "USA"]
[SourceTitle "CB07_2025"]
[SourceDate "2025.02.12"]
[SourceVersion "1"]
[SourceVersionDate "2025.02.12"]
[SourceQuality "1"]

1. d4 Nf6 2. c4 e6 3. Nf3 d5 4. Nc3 Bb4 5. Qa4+ Nc6 6. Bd2 0-0 7. a3 Bxc3 8. Bxc3 Bd7 9. Qb3 Ne4 10. e3 Nxc3 11. Qxc3 Qf6 12. Bd3 dxc4 13. Bxc4 Qg6 14. 0-0 e5 15. d5 Bg4 16. Nxe5 Nxe5 17. Qxe5 c6 18. Rac1 Bf3 19. Qg3 Qxg3 20. hxg3 Bxd5 21. Bxd5 cxd5 22. Rc7 Rab8 23. Rd1 Rfd8 24. Rd4 g5 25. g4 a5 26. Rc5 Rbc8 27. Rxc8 Rxc8 28. Rxd5 Rc1+ 29. Kh2 Rc2 30. Rxg5+ Kf8 31. Kg3 Rxb2 32. Rxa5 1-0

[Event "Titled Tuesday intern op 04th Feb Late"]
[Site "Chess.com INT"]
[Date "2025.02.04"]
[Round "10"]
[White "Shankland, Samuel L"]
[Black "Povshednyi, Ivan"]
[Result "0-1"]
[WhiteElo "2670"]
[BlackElo "2291"]
[PlyCount "124"]
[EventDate "2025.02.04"]
[EventType "swiss (blitz)"]
[EventRounds "11"]
[EventCountry "USA"]
[SourceTitle "CB07_2025"]
[SourceDate "2025.02.12"]
[SourceVersion "1"]
[SourceVersionDate "2025.02.12"]
[SourceQuality "1"]

1. e4 c6 2. d4 d5 3. e5 Bf5 4. Nf3 e6 5. Be2 Bb4+ 6. c3 Ba5 7. Nbd2 Nd7 8. Nb3 Bc7 9. Bg5 f6 10. exf6 Ngxf6 11. Bd3 Bxd3 12. Qxd3 0-0 13. 0-0 e5 14. dxe5 Nxe5 15. Nxe5 Bxe5 16. h3 Qb6 17. Rae1 Ne4 18. Be3 Qc7 19. Nc5 Nxc5 20. Bxc5 Bd6 21. Bd4 Rae8 22. g3 a6 23. b4 Qf7 24. Kg2 Qg6 25. Qxg6 hxg6 26. a4 Kf7 27. f4 Rxe1 28. Rxe1 Rc8 29. Bc5 Rd8 30. Kf3 Bxc5 31. bxc5 d4 32. c4 d3 33. Ke3 Kf6 34. Rd1 Re8+ 35. Kxd3 g5 36. Rf1 Rd8+ 37. Kc3 gxf4 38. Rxf4+ Kg6 39. Rd4 Re8 40. Kb4 Re7 41. Ka5 Re3 42. Rg4+ Kh6 43. h4 Rb3 44. Rg5 g6 45. Rg4 Kh5 46. Rd4 Kh6 47. g4 Kg7 48. Rd6 Kf7 49. h5 gxh5 50. gxh5 Kg7 51. h6+ Kh7 52. Re6 Kh8 53. Re7 Rb2 54. Rxb7 Rxb7 55. Kxa6 Rb4 56. a5 Kh7 57. Ka7 Kxh6 58. a6 Kg6 59. Ka8 Rxc4 60. Kb7 Rxc5 61. Kb6 Rc1 62. a7 Ra1 0-1

[Event "Titled Tuesday intern op 21st Jan Late"]
[Site "Chess.com INT"]
[Date "2025.01.21"]
[Round "11"]
[White "Aghayev, Miragha"]
[Black "Shankland, Samuel L"]
[Result "1/2-1/2"]
[WhiteElo "2419"]
[BlackElo "2670"]
[PlyCount "100"]
[EventDate "2025.01.21"]
[EventType "swiss (blitz)"]
[EventRounds "11"]
[EventCountry "USA"]
[SourceTitle "CB05_2025"]
[SourceDate "2025.01.29"]
[SourceVersion "1"]
[SourceVersionDate "2025.01.29"]
[SourceQuality "1"]

1. c4 c6 2. d4 d5 3. Nc3 Nf6 4. Nf3 e6 5. Bg5 Nbd7 6. cxd5 exd5 7. e3 h6 8. Bh4 g5 9. Bg3 Nh5 10. Nd2 Nxg3 11. hxg3 Nb6 12. Bd3 Be6 13. Qf3 Qd7 14. e4 Bg7 15. e5 0-0-0 16. Qe3 f6 17. f4 fxe5 18. fxe5 Nc4 19. Bxc4 dxc4 20. Ne2 c5 21. dxc5 Bxe5 22. 0-0-0 Qg7 23. Nc3 Rd3 24. Qe4 Re8 25. Nxc4 Rxd1+ 26. Rxd1 Bxc4 27. Qxc4 Bxc3 28. bxc3 Re3 29. Rd3 Qe7 30. Rxe3 Qxe3+ 31. Kc2 Qxg3 32. Qd5 Qf2+ 33. Kb3 Qf6 34. c4 Kc7 35. g4 Qf4 36. Qe6 Qf3+ 37. Kb4 Qf8 38. Qe5+ Kc8 39. Qe6+ Kc7 40. Qe5+ Kc8 41. Qd6 Qd8 42. Qe6+ Qd7 43. Qd6 Qxg4 44. Qxh6 Qf5 45. Qh8+ Kd7 46. Qg7+ Kc8 47. Qg8+ Kc7 48. Qg7+ Kc8 49. Qg8+ Kd7 50. Qg7+ Kc8 1/2-1/2

[Event "Titled Tuesday intern op 21st Jan Late"]
[Site "Chess.com INT"]
[Date "2025.01.21"]
[Round "9"]
[White "Kozak, Adam"]
[Black "Shankland, Samuel L"]
[Result "1-0"]
[WhiteElo "2595"]
[BlackElo "2670"]
[PlyCount "75"]
[EventDate "2025.01.21"]
[EventType "swiss (blitz)"]
[EventRounds "11"]
[EventCountry "USA"]
[SourceTitle "CB05_2025"]
[SourceDate "2025.01.29"]
[SourceVersion "1"]
[SourceVersionDate "2025.01.29"]
[SourceQuality "1"]

1. d4 d5 2. c4 c6 3. Nc3 Nf6 4. e3 e6 5. Nf3 Nbd7 6. Qc2 Bd6 7. b3 0-0 8. Be2 b6 9. 0-0 Bb7 10. Bb2 Qe7 11. Rad1 Rad8 12. Rfe1 Rfe8 13. g3 Bb4 14. a3 Bxc3 15. Bxc3 dxc4 16. bxc4 c5 17. Bb2 cxd4 18. exd4 Rc8 19. Qb3 Red8 20. Bf1 Qd6 21. Bg2 Qc7 22. Rc1 Ne4 23. Ba1 Ndf6 24. Qb1 Qd6 25. Ne5 Qxa3 26. Re3 Qa4 27. Bxe4 Nxe4 28. Rxe4 f6 29. Rh4 fxe5 30. Qxh7+ Kf7 31. Qh5+ Ke7 32. Qg5+ Kf7 33. d5 Qd7 34. Bxe5 Kg8 35. Qg6 Qf7 36. Qh7+ Kf8 37. Rf4 Rxd5 38. Qxg7+ 1-0

[Event "Titled Tuesday intern op 21st Jan Late"]
[Site "Chess.com INT"]
[Date "2025.01.21"]
[Round "1"]
[White "Sajin, Mirko"]
[Black "Shankland, Samuel L"]
[Result "0-1"]
[WhiteElo "2212"]
[BlackElo "2670"]
[PlyCount "40"]
[EventDate "2025.01.21"]
[EventType "swiss (blitz)"]
[EventRounds "11"]
[EventCountry "USA"]
[SourceTitle "CB05_2025"]
[SourceDate "2025.01.29"]
[SourceVersion "1"]
[SourceVersionDate "2025.01.29"]
[SourceQuality "1"]

1. e4 c5 2. c3 Nf6 3. e5 Nd5 4. d4 cxd4 5. Nf3 d6 6. exd6 e6 7. cxd4 Bxd6 8. Nc3 0-0 9. Be2 Nc6 10. 0-0 Nce7 11. Bd2 Bd7 12. Rc1 Bc6 13. a3 Rc8 14. Ne5 Bxe5 15. dxe5 Ng6 16. Nxd5 Bxd5 17. Bc3 Qg5 18. Bf3 Rfd8 19. Bxd5 Rxd5 20. Qb3 Nf4 0-1

[Event "Titled Tuesday intern op 21st Jan Late"]
[Site "Chess.com INT"]
[Date "2025.01.21"]
[Round "5"]
[White "Santos Latasa, Jaime"]
[Black "Shankland, Samuel L"]
[Result "1/2-1/2"]
[WhiteElo "2632"]
[BlackElo "2670"]
[PlyCount "87"]
[EventDate "2025.01.21"]
[EventType "swiss (blitz)"]
[EventRounds "11"]
[EventCountry "USA"]
[SourceTitle "CB05_2025"]
[SourceDate "2025.01.29"]
[SourceVersion "1"]
[SourceVersionDate "2025.01.29"]
[SourceQuality "1"]

1. Nf3 d5 2. e3 Nf6 3. c4 c6 4. Qc2 Bg4 5. Ne5 Be6 6. cxd5 Nxd5 7. d4 g6 8. Bd2 Bg7 9. Nd3 0-0 10. Nc3 Nd7 11. Be2 Rc8 12. Bf3 Nxc3 13. bxc3 Bd5 14. e4 Bc4 15. Be3 e5 16. Rd1 Qa5 17. 0-0 Qxa2 18. Qxa2 Bxa2 19. dxe5 Nxe5 20. Nxe5 Bxe5 21. Bxa7 Bc4 22. Rfe1 Bxc3 23. Re3 Be5 24. Bb6 Bc7 25. Rb1 Bb5 26. Bxc7 Rxc7 27. h4 Rd8 28. h5 Kg7 29. e5 Bc4 30. Rb6 Rd4 31. hxg6 hxg6 32. Ra3 Ba6 33. Bxc6 Re7 34. Bb5 Rxe5 35. Bxa6 bxa6 36. Rbxa6 Rd1+ 37. Kh2 Rf5 38. Rf3 Rxf3 39. gxf3 Rd2 40. Kg2 Re2 41. Ra7 Rd2 42. Ra6 Re2 43. Ra7 Rd2 44. Ra6 1/2-1/2

[Event "Titled Tuesday intern op 21st Jan Late"]
[Site "Chess.com INT"]
[Date "2025.01.21"]
[Round "2"]
[White "Shankland, Samuel L"]
[Black "Avramidou, Anastasia"]
[Result "1-0"]
[WhiteElo "2670"]
[BlackElo "2276"]
[PlyCount "67"]
[EventDate "2025.01.21"]
[EventType "swiss (blitz)"]
[EventRounds "11"]
[EventCountry "USA"]
[SourceTitle "CB05_2025"]
[SourceDate "2025.01.29"]
[SourceVersion "1"]
[SourceVersionDate "2025.01.29"]
[SourceQuality "1"]

1. c4 Nf6 2. g3 g6 3. b3 Bg7 4. Bb2 0-0 5. Bg2 c5 6. Nf3 Nc6 7. 0-0 d6 8. d4 Bg4 9. d5 Nb8 10. Nc3 Na6 11. Nd2 Nc7 12. h3 Bd7 13. a4 b6 14. e4 Rb8 15. f4 Nfe8 16. Nf3 a6 17. e5 b5 18. axb5 axb5 19. Qe2 bxc4 20. bxc4 Qc8 21. Kh2 Bf5 22. g4 Bd3 23. Qxd3 Rxb2 24. Rab1 Rxb1 25. Rxb1 Na6 26. Ne4 Nb4 27. Qe2 Qd7 28. Neg5 dxe5 29. fxe5 Nc7 30. Rd1 Qa4 31. d6 exd6 32. exd6 Nca6 33. d7 Nb8 34. d8Q 1-0

[Event "Titled Tuesday intern op 21st Jan Late"]
[Site "Chess.com INT"]
[Date "2025.01.21"]
[Round "8"]
[White "Shankland, Samuel L"]
[Black "Christiansen, Johan Sebastian"]
[Result "1-0"]
[WhiteElo "2670"]
[BlackElo "2664"]
[PlyCount "95"]
[EventDate "2025.01.21"]
[EventType "swiss (blitz)"]
[EventRounds "11"]
[EventCountry "USA"]
[SourceTitle "CB05_2025"]
[SourceDate "2025.01.29"]
[SourceVersion "1"]
[SourceVersionDate "2025.01.29"]
[SourceQuality "1"]

1. c4 e5 2. g3 Nc6 3. Bg2 Bc5 4. Nc3 d6 5. Nf3 a6 6. e3 Ba7 7. d4 Bg4 8. h3 Bh5 9. 0-0 Nf6 10. dxe5 dxe5 11. Qxd8+ Rxd8 12. b3 0-0 13. Bb2 Rfe8 14. g4 Bg6 15. Rfd1 Bc2 16. Rdc1 Bd3 17. Nd5 Nxd5 18. cxd5 Rxd5 19. Ne1 Rd6 20. Ba3 Rdd8 21. Nxd3 Rxd3 22. Bxc6 bxc6 23. Rxc6 Bb6 24. Rac1 Rd2 25. R1c2 Red8 26. Kg2 Bxe3 27. Rxc7 Rxc2 28. Rxc2 Bd4 29. Bb2 h6 30. Rd2 Kh7 31. Bxd4 exd4 32. Kf3 Kg6 33. Ke4 Kg5 34. Rxd4 Rc8 35. Rd5+ Kg6 36. Rd6+ Kg5 37. Rxa6 Rc2 38. Kf3 Rc3+ 39. Kg2 g6 40. b4 Rc4 41. b5 Rb4 42. b6 Kh4 43. a4 f5 44. gxf5 gxf5 45. a5 Rb3 46. Ra8 f4 47. Rf8 Kg5 48. a6 1-0

[Event "Titled Tuesday intern op 21st Jan Late"]
[Site "Chess.com INT"]
[Date "2025.01.21"]
[Round "10"]
[White "Shankland, Samuel L"]
[Black "Paravyan, David"]
[Result "0-1"]
[WhiteElo "2670"]
[BlackElo "2621"]
[PlyCount "126"]
[EventDate "2025.01.21"]
[EventType "swiss (blitz)"]
[EventRounds "11"]
[EventCountry "USA"]
[SourceTitle "CB05_2025"]
[SourceDate "2025.01.29"]
[SourceVersion "1"]
[SourceVersionDate "2025.01.29"]
[SourceQuality "1"]

1. c4 e6 2. g3 d5 3. Bg2 Nf6 4. Nf3 Be7 5. 0-0 0-0 6. d4 dxc4 7. Qa4 a6 8. Qxc4 b5 9. Qc2 Bb7 10. Bd2 Be4 11. Qc1 Bb7 12. Qc2 Be4 13. Qc1 Bb7 14. Bg5 Nbd7 15. Nbd2 Rc8 16. Bxf6 Bxf6 17. Nb3 c5 18. dxc5 Qe7 19. Ne1 Nxc5 20. Nxc5 Rxc5 21. Qb1 Bxg2 22. Kxg2 Rfc8 23. Nd3 Rc2 24. Re1 Qb7+ 25. Kg1 Qe4 26. Qd1 h5 27. a4 h4 28. axb5 h3 29. f3 Qe3+ 30. Kh1 axb5 31. Nf4 Bxb2 32. Ra8 Rxa8 33. Qxc2 Qc3 34. Qxc3 Bxc3 35. Rb1 b4 36. Nxh3 Kf8 37. Nf2 Ke7 38. Kg2 Kd6 39. Nd3 Rb8 40. e4 Kc6 41. Kf2 Kb5 42. Ke2 Kc4 43. Rc1 Ra8 44. Ne5+ Kd4 45. Nc6+ Kc5 46. Ne5 f6 47. Nd3+ Kd4 48. Ne1 b3 49. Rd1+ Kc4 50. Nd3 Ra2+ 51. Ke3 e5 52. f4 Bd4+ 53. Kf3 Rxh2 54. fxe5 fxe5 55. Kg4 b2 56. Nxb2+ Rxb2 57. Kf5 Rg2 58. g4 g6+ 59. Kg5 Kc3 60. Re1 Kd3 61. Kxg6 Rxg4+ 62. Kf5 Rf4+ 63. Kg6 Rxe4 0-1

[Event "Titled Tuesday intern op 21st Jan Late"]
[Site "Chess.com INT"]
[Date "2025.01.21"]
[Round "6"]
[White "Shankland, Samuel L"]
[Black "Urazayev, Arystanbek"]
[Result "1-0"]
[WhiteElo "2670"]
[BlackElo "2448"]
[PlyCount "57"]
[EventDate "2025.01.21"]
[EventType "swiss (blitz)"]
[EventRounds "11"]
[EventCountry "USA"]
[SourceTitle "CB05_2025"]
[SourceDate "2025.01.29"]
[SourceVersion "1"]
[SourceVersionDate "2025.01.29"]
[SourceQuality "1"]

1. c4 e6 2. g3 d5 3. Bg2 dxc4 4. Qa4+ Nd7 5. Qxc4 a6 6. Qc2 Bd6 7. Nf3 Ne7 8. Nc3 0-0 9. d4 e5 10. 0-0 exd4 11. Nxd4 c6 12. Rd1 Qc7 13. e4 Nf6 14. h3 Bc5 15. Be3 Ba7 16. f4 c5 17. Nde2 Re8 18. e5 Bf5 19. Qc1 Nd7 20. g4 Be6 21. Ng3 Nc6 22. Nd5 Bxd5 23. Bxd5 Ndxe5 24. fxe5 Qxe5 25. Bf4 Qf6 26. Ne4 Qg6 27. Nd6 Re2 28. Bxf7+ Qxf7 29. Nxf7 1-0

[Event "Titled Tuesday intern op 21st Jan Late"]
[Site "Chess.com INT"]
[Date "2025.01.21"]
[Round "7"]
[White "Zhao, Erick"]
[Black "Shankland, Samuel L"]
[Result "0-1"]
[WhiteElo "2412"]
[BlackElo "2670"]
[PlyCount "113"]
[EventDate "2025.01.21"]
[EventType "swiss (blitz)"]
[EventRounds "11"]
[EventCountry "USA"]
[SourceTitle "CB05_2025"]
[SourceDate "2025.01.29"]
[SourceVersion "1"]
[SourceVersionDate "2025.01.29"]
[SourceQuality "1"]

1. e4 c5 2. Nf3 d6 3. d4 cxd4 4. Qxd4 Nf6 5. Be2 g6 6. 0-0 Bg7 7. Rd1 0-0 8. Nc3 Nc6 9. Qe3 Bg4 10. h3 Bxf3 11. Qxf3 Nd7 12. Qg3 Rc8 13. Bg5 h6 14. Be3 Qa5 15. Nd5 Kh7 16. c3 Rfe8 17. h4 Nf6 18. Nxf6+ Bxf6 19. h5 g5 20. Bg4 Rcd8 21. Bf5+ Kh8 22. f4 gxf4 23. Qxf4 Bg5 24. Qf2 Rg8 25. Rd5 Qc7 26. Bh3 Ne5 27. Bd4 e6 28. Rb5 b6 29. Rf1 Rg7 30. Kh1 Rdg8 31. a4 Qe7 32. a5 Bh4 33. Qd2 Rg5 34. axb6 axb6 35. Bxe5+ dxe5 36. Rxe5 Bg3 37. Rxg5 Rxg5 38. Qd4+ Be5 39. Qxb6 Rxh5 40. Qe3 Kg7 41. b4 Rg5 42. b5 h5 43. c4 Rg3 44. Qf2 Rc3 45. Qe2 Qg5 46. Qf2 Qg6 47. b6 Rxc4 48. b7 Rb4 49. Qc5 Qg3 50. Qg1 Rxb7 51. Rf3 Qg5 52. Qf1 h4 53. Qe2 Rb1+ 54. Rf1 Qf4 55. g3 Qxg3 56. Rxb1 Qxh3+ 57. Kg1 0-1